| 000 | 00542aam a2200217 4500 | ||
|---|---|---|---|
| 005 | 20250819163010.0 | ||
| 008 | 150602b1996 xxu||||| |||| 00| 0 spa d | ||
| 041 | _aspa | ||
| 082 | _a345 Z17m | ||
| 100 |
_aZaffaroni, Eugenio Rául _918542 |
||
| 245 | _aManual de derecho penal: parte general | ||
| 260 | _aArgentina | ||
| 260 | _bEDIAR | ||
| 260 | _c1996 | ||
| 300 | _a820 páginas | ||
| 490 | _aInvestigación Criminal | ||
| 650 | _aDERECHO PENAL | ||
| 650 | _aCONTROL SOCIAL | ||
| 650 | _aLEGISLACIÓN PENAL | ||
| 942 |
_cBK _2ddc |
||
| 999 |
_c6175 _d6175 |
||